Catálogo - Centro de Recursos para el Aprendizaje y la Investigación

Volver al Sitio - CRAI Biblioteca

La violación del voto público / (Registro nro. 113982)

Detalles MARC
000 -CABECERA
campo de control de longitud fija 01316nam a2200253 4500
001 - NÚMERO DE CONTROL
campo de control 113982
003 - IDENTIFICADOR DEL NÚMERO DE CONTROL
campo de control DR-UNIBE
005 - FECHA Y HORA DE LA ÚLTIMA TRANSACCIÓN
campo de control 20250730113250.0
008 - DATOS DE LONGITUD FIJA--INFORMACIÓN GENERAL
campo de control de longitud fija 250730b2006 mx ||||| |||| 00| 0 spa d
020 ## - NÚMERO INTERNACIONAL ESTÁNDAR DEL LIBRO
Número Internacional Estándar del Libro 9707125799
040 ## - FUENTE DE LA CATALOGACIÓN
Centro catalogador/agencia de origen BIBLIOTECA UNIBE
Lengua de catalogación spa
Centro/agencia transcriptor BIBLIOTECA UNIBE
Normas de descripción rda
041 ## - CÓDIGO DE LENGUA
Código de lengua del texto/banda sonora o título independiente spa
082 ## - NÚMERO DE LA CLASIFICACIÓN DECIMAL DEWEY
Número de edición 22
Número de clasificación 324.62 V811
245 13 - MENCIÓN DE TÍTULO
Título La violación del voto público /
250 ## - MENCIÓN DE EDICIÓN
Mención de edición Primera edición
260 ## - PUBLICACIÓN, DISTRIBUCIÓN, ETC.
Lugar de publicación, distribución, etc. México :
Nombre del editor, distribuidor, etc. Corte Suprema de Justicia,
Fecha de publicación, distribución, etc. 2006
300 ## - DESCRIPCIÓN FÍSICA
Extensión 125 páginas :
Dimensiones 17 x 12 cm
490 ## - MENCIÓN DE SERIE
Mención de serie Figuras procesales constitucionales ;
Designación de volumen o secuencia 4
505 ## - NOTA DE CONTENIDO CON FORMATO
Nota de contenido con formato Presentación |<br/>I. Las prerrogativas y obligaciones de los ciudadanos |<br/>II. El voto |<br/>III. Antecedentes históricos del derecho al voto 1 |<br/>IV. La violación del voto público |<br/>V. Actuación de la Suprema Corte de Justicia de la Nación ante la violación del voto público en las elecciones municipales de León, Guanajuato, en 1046 |<br/>VI. La defensa jurisdiccional del voto público |<br/>VII. Posturas doctrinarias desfavorables a la defensa no jurisdiccional del voto público |<br/>VIII. Conclusiones |<br/>Bibliografía |<br/>Normativa<br/><br/><br/><br/>
650 #7 - PUNTO DE ACCESO ADICIONAL DE MATERIA--TÉRMINO DE MATERIA
Fuente del encabezamiento o término lemb
Término de materia o nombre geográfico como elemento de entrada Sufragio
Subdivisión geográfica México
9 (RLIN) 198019
650 #7 - PUNTO DE ACCESO ADICIONAL DE MATERIA--TÉRMINO DE MATERIA
Fuente del encabezamiento o término lemb
Término de materia o nombre geográfico como elemento de entrada Voto público
Subdivisión geográfica Mexico
9 (RLIN) 198020
700 10 - PUNTO DE ACCESO ADICIONAL--NOMBRE DE PERSONA
Nombre de persona Azuela Güitrón, Mariano
9 (RLIN) 198001
Término indicativo de función/relación presentador
942 ## - ELEMENTOS DE PUNTO DE ACCESO ADICIONAL (KOHA)
Fuente del sistema de clasificación o colocación Sistema de Clasificación Decimal Dewey
Tipo de ítem Koha Libro (general)
Existencias
Estado de retiro Estado de pérdida Fuente del sistema de clasificación o colocación No para préstamo Código de colección Localización permanente Fecha de adquisición Total de préstamos Signatura topográfica completa Código de barras Fecha visto por última vez Número de copia Precio válido a partir de Tipo de ítem Koha
  Disponible Sistema de Clasificación Decimal Dewey   General Biblioteca Central UNIBE 30/07/2025   324.62 V811 250924 30/07/2025 Ej. 1 30/07/2025 Libro (general)